| 000 | 01714nam a2200385Ia 4500 | ||
|---|---|---|---|
| 001 | DIGANR0210 | ||
| 006 | m d | ||
| 007 | cr ||||||||||| | ||
| 008 | 100325s1992 sp ac b 000 0 spa d | ||
| 035 | _a(OCoLC)1334612506 | ||
| 040 |
_aDGITA _beng _epn _cDGITA |
||
| 043 | _ae-sp--- | ||
| 050 | 4 | _aPQ6601.Y3 | |
| 245 | 0 | 0 |
_aFrancisco Ayala : _buna literatura y un pensamiento que investigan lingüísticamente el ámbito estético y moral de la condición humana. |
| 264 | 1 |
_aBarcelona : _bAnthropos, Editorial del Hombre, _c1992. |
|
| 300 |
_a1 online resource (95 p.) : _billustrations, portraits. |
||
| 336 |
_atext _btxt _2rdacontent |
||
| 337 |
_acomputer _bc _2rdamedia |
||
| 338 |
_aonline resource _bcr _2rdacarrier |
||
| 490 | 1 |
_aAnthropos: revista de documentación científica de la cultura, _x02115611 ; _v139 |
|
| 500 | _aCover title. | ||
| 500 | _a"N.° 139, Diciembre 1992" --P. [2] of cover. | ||
| 500 | _a"Coordinador: José Antonio Fortes. | ||
| 500 | _a"Este número se complementa con el Suplemento no 40 (1993), Francisco Ayala: antología de su producción literaria | ||
| 504 | _a"Documentación cultural e información bibliográfica: informes y bibliografía temática: Francisco Ayala" (p. 65-95) | ||
| 600 | 1 | 0 |
_aAyala, Francisco, _d1906-2009 _xCriticism and interpretation. |
| 650 | 0 |
_aSpanish literature _y20th century. |
|
| 655 | 7 |
_aPeriodicals. _2lcgft |
|
| 700 | 1 |
_aAyala, Francisco, _d1906-2009. |
|
| 791 | 2 |
_aDigitalia (Firm), _edistributor. |
|
| 793 | 0 |
_gDigitalia e-journal Collection: _aAnthropos |
|
| 830 | 0 |
_aAnthropos (Barcelona, Spain) ; _v139. |
|
| 856 | 4 | 0 |
_3Digitalia Hispánica _uhttps://www.digitaliapublishing.com/a/3651/ |
| 942 | _cRAA | ||
| 999 |
_c230602 _d230602 |
||